Efektívna daňová sadzba malých a stredných podnikov v SR
Možnosti určenia efektívnej daňovej sadzby malých a stredných podnikov, ktoré sa významnou mierou podieľajú na tvorbe hrubého domáceho produktu ako aj politike zamestnanosti SR.
Na minha lista:
| Autor principal: | |
|---|---|
| Outros Autores: | |
| Formato: | Capítulo de Livro |
| Idioma: | eslovaco |
| Assuntos: | |
| Tags: |
Sem tags, seja o primeiro a adicionar uma tag!
|
MARC
| LEADER | 00000naa a2200000 4500 | ||
|---|---|---|---|
| 001 | 0248187 | ||
| 005 | 20240502073953.7 | ||
| 041 | 0 | |a slo | |
| 044 | |a SK | ||
| 245 | 1 | 0 | |a Efektívna daňová sadzba malých a stredných podnikov v SR |c Anna Schultzová, Jaroslava Šepeľová |
| 520 | |a Možnosti určenia efektívnej daňovej sadzby malých a stredných podnikov, ktoré sa významnou mierou podieľajú na tvorbe hrubého domáceho produktu ako aj politike zamestnanosti SR. | ||
| 610 | 2 | 0 | |a sadzby daňové |
| 610 | 2 | 0 | |a osoby právnické |
| 610 | 2 | 0 | |a podnik malý |
| 610 | 2 | 0 | |a podnik stredný |
| 610 | 2 | 0 | |a efektívnosť ekonomická |
| 610 | 2 | 0 | |a politika daňová |
| 610 | 2 | 0 | |a meranie |
| 100 | 1 | |a Schultzová, Anna | |
| 700 | 1 | |a Šepeľová, Jaroslava, 1993- | |